000 00382nam a2200169 a 4500
005 20140414131914.0
008 040117s19uu xx 00 eng d
020 _a
050 _aER
_bP28 1990
100 _aGleeson, Brian
245 _aPaul Bunyam.
260 _aConnecticut :
_bRabbit Ears,
_c1990.
300 _a
440 _a
650 _aFolklore.
999 _c111341
_d111341